000
00169nam a22000857a 4500
003
SGT
245
_a
PHYSIOTHERAPY CANADA
260
_b
PHYSIOTHERAPY CANADA
942
_2
ddc
_c
BV
999
_c
19475
_d
19475